| 000 | 00530nam a2200181Ia 4500 | ||
|---|---|---|---|
| 999 |
_c23336 _d23336 |
||
| 003 | OSt | ||
| 005 | 20201208102943.0 | ||
| 008 | 190216s9999||||xx |||||||||||||| ||und|| | ||
| 020 | _a9788182716469 | ||
| 040 | _coclc | ||
| 082 |
_a894.8124 _bABO/M |
||
| 100 |
_aAboobacker, K _92000 |
||
| 245 | 0 |
_aMalayalathile Ishal Vazhi / _cK Aboobacker |
|
| 260 |
_bIslamic Publishing House, _c2014. _aKozhikode: |
||
| 300 | _a103p | ||
| 650 | _aIslamic History | ||
| 942 |
_cBK _2ddc _h894.8124 _iABO/M _k894.8124 _mABO/M |
||